000 00920nam a2200229 a 4500
003 CBULib
005 20240408134759.0
008 211123s2021 ||||||||||||||||| || u
020 _a9789210055505
040 _aCBULib
_bEnglish
_cCBULib
_erda
041 _aeng
050 _aUNCTAD(02)2021/5
110 _aUnited Nations Conference on Trade and Development (UNCTAD)
245 1 0 _aGetting to better rules of origin for LDCS using utilization rates : from the WTO ministerial decision in Hong Kong (2005) to Bali (2013), Nairobi (2015) and beyond
_c/ by United Nations Conference o Trade and Development(UNCTAD)
260 _aGeneva :
_bUnited Nations,
_c2021.
300 _avii, 58 pages : illustrations
336 _2rdacontent
_aText |
_btxt
337 _2rdamedia
_aUnmediated |
_bn
338 _2rdacarrier
_aVolume
_bnc
650 0 _aDEVELOPING COUNTRIES--ECONOMIC CONDITIONS--21st CENTURY
942 _2lcc
_c029
999 _c44563
_d44563